| 000 | 01027nam a2200217Ia 4500 | ||
|---|---|---|---|
| 999 |
_c38517 _d38517 |
||
| 001 | 4618 | ||
| 003 | GE_BSU | ||
| 005 | 20190515202225.0 | ||
| 008 | 181216s2004||||ge |||||||||||||| ||geo|| | ||
| 040 | _cGE_BSU | ||
| 041 | _ageo | ||
| 080 | _a629.33(075.32) ა–14 | ||
| 100 |
_aაბაშიძე,ინდიკო _91204 |
||
| 245 |
_aავტომობილის მოწყობილობის დაპროგრამებული დავალებები / _cინდიკო აბაშიძე ; რედ : იბრაიმ დიდმანიძე. |
||
| 264 |
_aბათუმი : _bაჭარა, _c1998. |
||
| 300 |
_a120 გვ .; _c20 სმ. |
||
| 504 | _aბიბლიოგრ.:გვ.106 | ||
| 653 | _aვტომობილის მოწყობილობის დაპროგრამებული დავალებები | ||
| 700 |
_aდიდმანიძე, იბრაიმ _eრედაქტორი _91168 |
||
| 942 |
_cBK _2udc |
||